000 00565nam a2200205Ia 4500
003 GCL
008 140319s9999 xx 000 0 ara d
040 _aGCL /
_cGCL
082 0 4 _a322.42
_bخ س
100 1 _aخليل فاضل
245 1 0 _aسيكولوجية الارهاب السياسى /
_cخليل فاضل
260 _a[S.N] :
_bلا يوجد ،
_c1991
300 _a327 ص
490 _a
650 0 4 _aالعالم العربى
650 0 4 _aالارهاب
650 0 4 _aالشرق الاوسط
650 0 4 _aالصهيونية
942 _2ddc
_cBK
999 _c34563
_d34563